00258 a2200109 450000100060000008200170000610000190002324500340004226000390007630000100011550000230012590133 a891.4393 AKH aAkhtar Shomaar aYe Aghaz e Mohabbat HaihUrdu aIslamabadbDost Publicationsc1996 a128p. aGeneral Collection